000 00406nam a2200181Ia 4500
001 14074
005 20260306164847.0
008 260306t2012||||xx |||||||||||||| ||spa||
041 _aESP
082 _a006.31
_bR77
100 _aRogers, Simon
_eAUT
245 2 _aA first course in machine learning
260 _c2012
300 _a
_c
650 _aGEN
654 _aCCC
942 _cLIB
_dJUS
_fJUS
_2ddc
_n
999 _c14074
_d14074